00961cam a2200277 a 45000010009000000050017000090080041000260100017000670200031000840200028001150350024001430400037001670500026002040820018002301000020002482450057002682500012003252600043003373000035003805040053004156500028004689060045004969420012005419990017005539520113005701579097620170105102857.0090625s2010 nyua b 001 0 eng  a 2009025942 a9780073530345 (alk. paper) a0073530344 (alk. paper) a(OCoLC)ocn320803024 aDLCcDLCdBTCTAdC#PdYDXCPdDLC00aHF5549.5.T7bN59 201000a658.3/1242221 aNoe, Raymond A.10aEmployee training and development /cRaymond A. Noe. a5th ed. aNew York :bMcGraw-Hill Irwin,cc2010. axvii, 589 p. :bill. ;c24 cm. aIncludes bibliographical references and indexes. 0aEmployeesxTraining of. a7bcbccorignewd1eecipf20gy-gencatlg 2ddccBK c14545d14545 001040708NFICaCIPSbCIPScGENd2013-09-10l0o658.3124 NOE 2010pCIPS0000946r2013-09-12w2013-09-12yBK